'U' States Blitz Quiz Stats

Quiz Updated Jan 30, 2016

Also try: 'S' States Blitz
Challenge
Share
Tweet
Embed
Score 0/8 Timer 01:00
3 Plays Today
% Correct
Utah
96.1%
South Dakota
66.8%
South Carolina
66.4%
Louisiana
65%
Missouri
61.1%
Kentucky
57.6%
Massachusetts
55%
Connecticut
49.2%

You're not logged in!

Compare scores with friends on all Sporcle quizzes.
Join for Free
OR
Log In

You Might Also Like...

Show Comments

Extras

Top Quizzes Today


Score Distribution

Your Account Isn't Verified!

In order to create a playlist on Sporcle, you need to verify the email address you used during registration. Go to your Sporcle Settings to finish the process.

Report this User

Report this user for behavior that violates our Community Guidelines.

Details: